| 000 | 005170000a22001810004500 | ||
|---|---|---|---|
| 020 | _a0-8423-7279-2 | ||
| 041 | 0 | _aENG | |
| 082 | 0 | 4 | _aG 266 W7462t |
| 100 | 1 | _aWilson, J. Christy | |
| 245 | 1 | 0 | _aToday's tentmakers : self-support - An alternative model for worldwide witness / J. Christy Wilson, Jr. |
| 260 | _aWheaton, ILL., USA : Tyndale | ||
| 300 | _a160 Pag | ||
| 001 | 7304 | ||
| 942 | _cBK | ||
| 999 |
_c37520 _d37520 |
||
| 336 |
_atexto _btxt _2rdacontent |
||
| 337 |
_2rdamedia _asin mediación _bn |
||
| 338 |
_2rdacarrier _avolumen _bnc |
||